000 00300nam a22001337a 4500
008 180928b xxu||||| |||| 00| 0 eng d
020 _a9780871569844
041 _aeng
080 _a316
100 _a50
101 _aSOC
245 _aWomen I the Material World
_cFaith.D.A
942 _2udc
_cBK
999 _c48696
_d48696